German Vocabulary "I" and "J" - Statistics

General Stats
  • This quiz has been taken 211 times
  • The average score is 11 of 16
Answer Stats
German English % Correct
ja yes
100%
italienisch Italian
98%
Jahr year
98%
Idee idea
95%
immer always
94%
jetzt now
93%
(der) Junge boy
86%
Insel island
78%
Jugend youth
74%
Ingenieur engineer
73%
jagen chase
57%
jodeln yodel
47%
impfen vaccinate
33%
Ingwer ginger
31%
Igel hedgehog
31%
Jod iodine
21%
No matching quizzes found
Score Distribution
Percent of People with Each Score
Percentile by Number Answered
Your Score History
You have not taken this quiz